• 首页
  • 本馆介绍
  • 公告通知
  • 最新文献
  • 馆藏检索
  • 电子资源
  • 读者导购
  • 参考咨询
  • 我的图书馆
  • 登录
  • 详细信息显示
  • 放入我的书架
  • 预约/预借图书
  • 作者相关作品
  • 分类相关作品
  • 丛书相关作品
  • 出版社相关作品

书目信息

  • 表格格式
  • 工作单格式
  • 卡片格式
题名:
测绘管理与法律法规
    
 
作者: ;国家测绘地理信息局 , 测绘出版社 组织编写
分册:  
出版信息: 北京   测绘出版社  2018
页数: 230页
开本: 26cm
丛书名: 注册测绘师资格考试辅导教材
单 册:
中图分类: P205 , D922.17
科图分类:
主题词: 测绘--Ce Hui--行政管理--中国--资格考试--教材 , 测绘法令--Ce Hui Fa Ling--中国--资格考试--教材
电子资源:
ISBN: 978-7-5030-4132-7
000 01239nam 2200313 450
001 012001002364
005 20191121143235.53
010    @a978-7-5030-4132-7@dCNY85.00
099    @aCAL 012018177277
100    @a20180910d2018 em y0chiy50 ea
101 0  @achi
102    @aCN@b110000
105    @ay z 000yy
106    @ar
200 1  @a测绘管理与法律法规@ACe Hui Guan Li Yu Fa Lv Fa Gui@f国家测绘地理信息局职业技能鉴定指导中心, 测绘出版社组织编写
205    @a第5版
210    @a北京@c测绘出版社@d2018
215    @a230页@d26cm
225 2  @a注册测绘师资格考试辅导教材@AZhu Ce Ce Hui Shi Zi Ge Kao Shi Fu Dao Jiao Cai
330    @a本书紧扣《注册测绘师资格考试大纲》,涵盖了大纲中“测绘管理与法律法规”科目的全部内容。具体内容分两篇:第一篇为测绘法律法规;第二篇为测绘项目管理。
410  0 @12001 @a注册测绘师资格考试辅导教材
606 0  @a测绘@ACe Hui@x行政管理@y中国@x资格考试@j教材
606 0  @a测绘法令@ACe Hui Fa Ling@y中国@x资格考试@j教材
690    @aP205@v5
690    @aD922.17@v5
711 01 @a国家测绘地理信息局@AGuo Jia Ce Hui Di Li Xin Xi Ju@b职业技能鉴定指导中心@4组织编写
711 02 @a测绘出版社@ACe Hui Chu Ban She@4组织编写
801  0 @aCN@b北京卓展@c20191020
905    @b1205421-4@dP205@e314=5@f4
    
    测绘管理与法律法规/国家测绘地理信息局职业技能鉴定指导中心, 测绘出版社组织编写.-第5版.-北京:测绘出版社,2018
    230页;26cm.-(注册测绘师资格考试辅导教材)
    
    
    ISBN 978-7-5030-4132-7:CNY85.00
    本书紧扣《注册测绘师资格考试大纲》,涵盖了大纲中“测绘管理与法律法规”科目的全部内容。具体内容分两篇:第一篇为测绘法律法规;第二篇为测绘项目管理。
●
相关链接 在E读中查询图书 在五车中查询图书 在当当中查询图书 在豆瓣中查询图书


正题名:测绘管理与法律法规     索取号:P205/314=5         预约/预借

序号 登录号 条形码 馆藏地/架位号 状态 备注
1 1205421   212054211   第二样本阅览室/ [索取号:P205/314=5] 在馆    
2 1205422   212054220   第三借阅区/ [索取号:P205/314=5] 在馆    
3 1205423   212054239   第三借阅区/ [索取号:P205/314=5] 在馆    
4 1205424   212054248   第三借阅区/ [索取号:P205/314=5] 在馆    
唐山师范学院图书馆 欢迎您!
大连网信软件有限公司© 版权所有